Citations de The Office (QCM) - Statistiques

Statistiques générales
  • Ce quiz a été pris 231 fois
  • Le résultat moyen est 7 sur 10
Statistiques - réponses
Question Réponse % Correct
"Si j’avais un pistolet avec deux balles et que j’étais dans un pièce avec Hitler, Ben Laden et Toby, je tirerais deux fois sur _____." Toby
98%
"Je ne suis pas superstitieux mais je suis un peu _____." stitieux
96%
"Quand j’ai découvert _____, je n’ai pas travaillé pendant cinq jours." YouTube
86%
« Parfois je commence une phrase sans même savoir où elle va aller. J’espère juste que je vais trouver _____. » une chute en chemin
74%
"Devinez quoi, j’ai des défauts. Que sont-ils? Oh, je ne sais pas. Je chante dans la douche. Parfois, je passe trop de temps à faire du _____. De temps en temps, je heurte quelqu’un avec ma voiture. Alors poursuis-moi en justice..." bénévolat
72%
"Je déteste te voir partir mais j’adore te regarder t’en aller... _____." à cause de tes fesses
68%
"Ils disent toujours que c’est une erreur d’embaucher vos amis. Et ils ont raison. Alors, j'ai embauché _____." mes meilleurs amis
66%
"La pire chose à propos de la prison, c’était _____." les détraqueurs
58%
"Je travaille dur toute la journée. J'aime savoir qu'il va y avoir une _____. La plupart du temps, je m'assois et j'attends la _____." pause
38%
"Je n’aurais jamais pensé dire ça un jour, mais je pense que j’ai mangé trop de _____." moelle osseuse
6%
Aucun quiz correspondant
Distribution des résultats
% des personnes avec chaque résultat
Percentile par nombre de réponses
Votre historique - résultats
Vous n’avez pas pris ce quiz